Estatísticas para Os 15 principais países afetados pela Covid-19 - 17 de junho

Clique aqui para jogar o quiz

Estatísticas Gerais

  • Esse quiz foi jogado 5 vezes
  • A pontuação média é 17 de 27

Estatísticas das Respostas

país% Correto
Brasil
100%
Espanha
100%
Estados Unidos
100%
México
100%
Peru
100%
Reino Unido
100%
Rússia
100%
Turquia
100%
Alemanha
67%
Bélgica
67%
Catar
67%
Chile
67%
Chile
67%
Irlanda
67%
Itália
67%
Kuweit
67%
Suécia
67%
Armênia
33%
Bahrein
33%
Bielorrússia
33%
França
33%
Índia
33%
Irão
33%
Panamá
33%
Paquistão
33%
Singapura
33%
Omã
0%

Distribuição das Pontuações

Percentil de Números Respondidos

Porcentagem de Pessoas com Cada Pontuação

Sua Pontuação Histórica

Você não jogou esse quiz